The structure and administration of education in American democracy.

Bibliographic Details
Corporate Author: Educational Policies Commission
Other Authors: Strayer, George Drayton, 1876-
Format: Book
Language:English
Published: Washington, D. C. : Educational policies commission, National education association of the United States, and the American association of school administrators, [1938]
Subjects:

MARC

Tag First Indicator Second Indicator Subfields
LEADER 00000cam a2200000 4500
001 in00000067264
005 20151008051918.0
008 731127s1938 dcu 00000 eng u
010 |a e 38000371  
035 |a (OCoLC)00748816 
035 |9 AAH0684AM 
040 |c CSU  |d TXA  |d UtOrBLW 
049 |a TXAM  |c 1 [116810]  
050 0 |a LA210  |b .N338 
092 |a 370.973  |b N277st 
110 2 |a Educational Policies Commission. 
245 1 4 |a The structure and administration of education in American democracy. 
264 1 |a Washington, D. C. :  |b Educational policies commission, National education association of the United States, and the American association of school administrators,  |c [1938] 
300 |a 4p. 1., 128p :  |b illustrations ;  |c 24cm. 
336 |a text  |b txt  |2 rdacontent 
337 |a unmediated  |b n  |2 rdamedia 
338 |a volume  |b nc  |2 rdacarrier 
500 |a "The brunt of the work in writing this document was carried by Dr. Strayer."- Acknowledgment. 
650 0 |a Education  |z United States. 
650 0 |a School management and organization. 
650 0 |a Education and state  |z United States. 
700 1 |a Strayer, George Drayton,  |d 1876- 
999 |a MARS 
999 f f |s 38f2caa8-529f-3cf1-b3df-52005b1f3f71  |i c66ca93a-49de-3fc4-85d3-35a80e6ca59b  |t 0 
952 f f |p normal  |a Texas A&M University  |b College Station  |c Sterling C. Evans Library  |d Evans: Library Stacks  |t 0  |e LA210 .N338  |h Library of Congress classification  |i unmediated -- volume  |m A14800827873 
998 f f |a LA210 .N338  |t 0  |l Evans: Library Stacks